1432 1225 1726 1222 1336 1456 1051 1583 1082 1977 1462 1650 1764 1478 1152 1906 1730 1044 1788 1855 1449 1790 1468 1449 1470 1906 1605 1127 1098 1364 1866 1836 1401 1050 1146 1313 1214 1096 1476 1233 1972 1878 1695 1945 1610 1043 1578 1069 1759 1168 1025 1501 1585 1923 1142 1006 1294 1690 1889 1783 1943 1973 1706 1499 1162 1370 1149 1427 1468 1795 1506 1725 1686 1790 1049 1071 1398 1512 1086 1568 1679 1436 1809 1562 1213 1889 1158 1519 1028 1418 1880 1069 1533 1381 1593 1868 1887 1099 1167 BCNSPRNW ULIB Ver.6.0+V

เปลี่ยนเป็นภาษาไทย

Change to English
 แสดงรายละเอียดบรรณานุกรม
  กลับหน้าหลัก

Brief Record : Get Marc (ISO 2709) : E-mail record : QR code < ปิดหน้าต่าง
LEADER : 00000nam 2200000uu 4500
001    13399125929
003     ULIB
008    171106s2553||||th 000 0 tha d
020    ^a9789742255169
050  4 ^aPE1116^bธ293
100 0  ^aธมลวรรณ ลาไม้
245 10 ^aEnglish for physical therapists :^ba guide to better communication with patients /^cby Thamolwan Lamai, C. Christopher Smith.
250    ^aพิมพ์ครั้งที่ 1.
260    ^aกรุงเทพฯ :^bนพรัตน์,^c2553.
300    ^a200 หน้า :^bภาพประกอบ
490 0  ^aProfessional English series.
650  7 ^aกายภาพบำบัด^xคำศัพท์
650  7 ^aการดูแลรักษาในโรงพยาบาล^xคำศัพท์
650  7 ^aภาษาอังกฤษ^xบทสนทนาและวลี (สำหรับบุคลากรทางการแพทย์)
700 1  ^aSmith, C. Christopher.
700 0  ^aThamolwan Lamai.
945    ^p210^l0^i25681
945    ^p210^l0^i25682
999    ^aกัณชพร จุลอักษร
รายการนี้ยังไม่มีแท็ก
คุณยังไม่ได้ล็อกอิน คุณสามารถมีกิจกรรมร่วมกับเว็บไซต์ได้ แต่ต้องล็อกอินก่อน ::
  ล็อกอิน

รายการสื่อสารสนเทศ

ลำดับที่ ประเภท เลขเรียก/บาร์โค้ด สถานที่ สถานะ
1. หนังสือสำรอง
หนังสือสำรอง
PE1116 ธ293 ฉ.1 
  Barcode: 25681
ห้องสมุดวิทยาเขตนครสวรรค์
►หนังสือทั่วไป:l:General Books
บนชั้น
2. วิทยาศาสตร์การแพทย์ และสุขภาพ
วิทยาศาสตร์การแพทย์ และสุขภาพ
PE1116 ธ293 ฉ.2 
  Barcode: 25682
ห้องสมุดวิทยาเขตนครสวรรค์
►หนังสือทั่วไป:l:General Books
บนชั้น

รายการใกล้เคียง
    ผู้แต่ง [ธมลวรรณ ลาไม้]

BibComment


ยังไม่เคยถูกคอมเมนท์

คอมเมนท์ทรัพยากรรายการนี้
  คอมเมนท์: English for phys..


 Copyright 2026. Bcnsprnw @Library